Geography Quiz

Random Geography or City Quiz

Largest City by Capital Quiz Stats

 Plays Quiz Updated Nov 9, 2018

Challenge
Share
Tweet
Embed
Score 0/30 Timer 06:00
10 Plays Today
Capital City Largest City % Correct
Washington, D.C.New York
93%
OttawaToronto
84.1%
CanberraSydney
80.9%
BeijingShanghai
78.9%
AnkaraIstanbul
76.2%
New DelhiMumbai
75%
Abu DhabiDubai
69.1%
Cape Town, Pretoria, BloemfonteinJohannesburg
68.7%
BrasiliaSão Paulo
62.6%
BernZürich
60.6%
HanoiHo Chi Minh City
57.3%
WellingtonAuckland
52.9%
IslamabadKarachi
44%
RabatCasablanca
42.6%
AbujaLagos
37.3%
Capital City Largest City % Correct
BelmopanBelize City
22.1%
AstanaAlmaty
19.9%
NaypyidawYangon
19.5%
QuitoGuayaquil
14.5%
YamoussoukroAbidjan
13.6%
La Paz, SucreSanta Cruz
9.6%
YaoundéDouala
7.6%
Porto NovoCotonou
4.4%
NgerulmudKoror
4.2%
VaduzSchaan
4.2%
VallettaBirkirkara
3.8%
San MarinoSerravalle
3.4%
Port of SpainChaguanas
2.5%
BanjulSerekunda
2.3%
PalikirWeno
1.7%

You're not logged in!

Compare scores with friends on all Sporcle quizzes.
OR
Log In

You Might Also Like...

Show Comments

Extras

Top Quizzes Today


Score Distribution

Your Account Isn't Verified!

In order to create a playlist on Sporcle, you need to verify the email address you used during registration. Go to your Sporcle Settings to finish the process.

Report this User

Report this user for behavior that violates our Community Guidelines.

Details: